00830nam a2200229 i 4500003000900000005001700009007000300026008004100029020001800070040003000088082002000118100001900138245015900157264006000316300002600376336002700402337003400429338002800463500007200491500001200563650002500575DO-SdBNP20230904134901.0ta221031b2023 dr d||er ||| 00| 0 spa d a9789915953038 aDO-SdBNPbspacBNPHUerda 4222axxxxxbB585 aBidó, Camila10aJusticia de género, centrales :blas mujeres y la agenda de la justicia de género en el sindicalismo de América Latina y el Caribe /cCamila Bidó  1aMontevideo, Uruguay :bFriedrich Ebert Stiftung,c2023. a24 páginas c30 cm. 2rdacontentatextobtxt 2rdamediaasin mediación bn 2rdacurrieravolumenbnc aIncluye datos biográficos de la autora en la última página.  aCaribe. 4aPobreza y desempleo